| 000 | 00850cad a22002055a 4500 | ||
|---|---|---|---|
| 001 | L157298 | ||
| 008 | 121012s2012 xxkqr p 0 a0eng u | ||
| 035 | _a(Sirsi) u157298 | ||
| 041 | 0 | _aeng | |
| 100 | 1 | _aSinclair, Stacy | |
| 110 | 2 | _aFenwick Elliott LLP | |
| 245 | 0 | 0 |
_aBuilding Information Modelling (BIM) and English law _h[electronic resource] |
| 260 |
_aLondon _bFenwick Elliott LLP _c2012 |
||
| 520 | _aThis article looks at the concerns regarding BIM as it spreads throughout the construction industry - particularly the legal and contractual implications which arise. | ||
| 590 | _aKA NTK | ||
| 651 | 4 |
_aEngland _y886- |
|
| 690 |
_aBIM _96219 |
||
| 856 | 4 | 0 |
_uhttps://www.fenwickelliott.co.uk/files/stacy_sinclair_-_building_information_modelling__english_law.pdf _zView the article free of charge www.fenwickelliott.co.uk |
| 942 | _n0 | ||
| 999 |
_c114707 _d114707 |
||